| 000 | 01386nam a2200229Ia 4500 | ||
|---|---|---|---|
| 999 |
_c49430 _d49430 |
||
| 001 | 16353 | ||
| 003 | GE_BSU | ||
| 005 | 20221227122929.0 | ||
| 008 | 181216s2010||||ge |||||||||||||| ||geo|| | ||
| 020 | _a9789941102219 | ||
| 040 | _cGE_BSU | ||
| 041 | _ageo | ||
| 080 | _a347.725 ბ-97 | ||
| 100 |
_aბურდული, ირაკლი _97029 |
||
| 245 |
_aსააქციო სამართლის საფუძვლები = Foundations of corporate law : _b(გერმანული და ქართული სამართლის მაგალითზე). ტ. 1 / _cირაკლი ბურდული ; საკორპორაციო, საბანკო და ეკონომიკური სამართლის ინ-ტი, თსუ, იურიდ. ფაკ-ტი. |
||
| 264 |
_aთბილისი : _bმერიდიანი, _c2010. |
||
| 300 |
_a504 გვ.; _b22 სმ. |
||
| 504 | _aბიბლიოგრაფია: გვ. 470-502. | ||
| 653 | _aსააქციო სამართალი | ||
| 710 |
_aთბილისის სახელმწიფო უნივერსიტეტი _bსაკორპორაციო, საბანკო და ეკონომიკური სამართლის ინსტიტუტი. _916598 |
||
| 942 |
_cBK _2udc |
||